MARC details
| 000 -CABECERA |
| campo de control de longitud fija |
05490nam a2200397 a 4500 |
| 003 - IDENTIFICADOR DEL NÚMERO DE CONTROL |
| campo de control |
CHAP |
| 005 - FECHA Y HORA DE LA ÚLTIMA TRANSACCIÓN |
| campo de control |
20240619131936.0 |
| 007 - CAMPO FIJO DE DESCRIPCIÓN FÍSICA--INFORMACIÓN GENERAL |
| campo de control de longitud fija |
ta |
| 008 - DATOS DE LONGITUD FIJA--INFORMACIÓN GENERAL |
| campo de control de longitud fija |
240619s2021 mx abdofom||| 001 0 spa d |
| 040 ## - FUENTE DE LA CATALOGACIÓN |
| Normas de descripción |
rda |
| 041 0# - CÓDIGO DE LENGUA |
| Código de lengua del texto/banda sonora o título independiente |
spa |
| Código de lengua del sumario o resumen |
eng |
| 100 1# - ENTRADA PRINCIPAL--NOMBRE DE PERSONA |
| 9 (RLIN) |
189231 |
| Nombre de persona |
Mendoza Pinacho, Karla Guadalupe |
| 240 10 - TÍTULO UNIFORME |
| Título uniforme |
Evaluation of the antifungal effect of different plant extracts in chapingo cheese. |
| Lenguaje de la obra |
Español |
| 245 10 - MENCIÓN DE TÍTULO |
| Título |
Evaluación del efecto antimicótico de diferentes extractos de plantas en queso chapingo / |
| Mención de responsabilidad, etc. |
Karla Guadalupe Mendoza Pinacho y Jesús Iván Ruiz Terrazas |
| 264 #0 - PRODUCCIÓN, PUBLICACIÓN, DISTRIBUCIÓN, FABRICACIÓN Y COPYRIGHT |
| Producción, publicación, distribución, fabricación y copyright |
Chapingo, México : |
| Nombre del de productor, editor, distribuidor, fabricante |
El autor, |
| Fecha de producción, publicación, distribución, fabricación o copyright |
2021 |
| 300 ## - DESCRIPCIÓN FÍSICA |
| Extensión |
1 recurso en línea ( xiii, 68 páginas) : |
| Otras características físicas |
ilustraciones, tablas, gráficas, diagramas, fotos |
| 336 ## - TIPO DE CONTENIDO |
| Fuente |
rdacontent |
| Término de tipo de contenido |
texto |
| Código de tipo de contenido |
txt |
| 337 ## - TIPO DE MEDIO |
| Fuente |
rdamedia |
| Nombre/término del tipo de medio |
computadora |
| Código del tipo de medio |
c |
| 338 ## - TIPO DE SOPORTE |
| Fuente |
rdacarrier |
| Nombre/término del tipo de soporte |
recurso en línea |
| Código del tipo de soporte |
cr |
| 502 ## - NOTA DE TESIS |
| Nota de tesis |
Tesis |
| Tipo de título |
(Ingeniero Agroindustrial) -- |
| Nombre de la institución que otorga el título |
Departamento de Ingeniería Agroindustrial, |
| Año de obtención del título |
2021 |
| Información miscelánea |
Licenciatura |
| 504 ## - NOTA DE BIBLIOGRAFÍA, ETC. |
| Nota de bibliografía, etc. |
Bibliografía : páginas 57-65 |
| 520 3# - SUMARIO, ETC. |
| Sumario, etc. |
El objetivo de la presente investigación fue evaluar el grado de inhibición de extractos naturales de orégano (Origanum vulgare), canela (Cinnamomum zeylanicum) y epazote (Chenopodium ambrosioides) sobre el crecimiento de hongos aislados de Queso Chapingo tanto in vitro, como in situ. Para este propósito, se aislaron cepas de Penicillium, Aspergillus, Cladosporium y Alternaria a partir de muestras de queso Chapingo con dos semanas de maduración. Los extractos se obtuvieron mediante maceración de material vegetal seco con una solución de etanol diluido con agua (50/50), las soluciones reposaron por tres semanas en refrigeración (4 °C) y después se destilaron a baja temperatura en un Rotavapor “Hahn Shin Science Co., Model: HS-2000N”. Las pruebas de inhibición in vitro consistieron en sembrar cada cepa en placas con agar de extracto de levadura y malta (YMA) como medio de cultivo, más los extractos vegetales por separado, con dos modalidades de siembra; por extensión de superficie y difusión. Para la fase de inhibición del crecimiento in situ, las muestras de queso Chapingo se impregnaron por inmersión con cada uno de los extractos vegetales por separado, durante un minuto. Posteriormente, los quesos se inocularon por atomización con una suspensión estandarizada de esporas (1.5 x 108 UFC/mL) de cada cepa. Las muestras de quesos inoculadas se mantuvieron en una cámara de maduración a 4 °C, durante tres semanas, haciendo mediciones semanales de las poblaciones de cada cepa con la técnica de dilución en placa. Los resultados demostraron que los extractos de canela y orégano inhibieron el crecimiento de los hongos tanto en medios de cultivo de laboratorio como en queso Chapingo. En tanto que, el extracto de epazote no presentó efecto inhibitorio del crecimiento en ningún caso. En quesos inoculados, Penicillium destacó por ser altamente sensible al extracto de canela y Alternaria al extracto de orégano. |
| 520 3# - SUMARIO, ETC. |
| Sumario, etc. |
The objective of the present investigation was to evaluate the inhibition degree of natural oregano (Origanum vulgare), cinnamon (Cinnamomum zeylanicum) and epazote (Chenopodium ambrosioides) extracts on the growth of Chapingo cheese fungi both in vitro and in situ. For this purpose; Penicillium, Aspergillus, Cladosporium and Alternaria strains were isolated from Chapingo cheese samples with two weeks of maturation. The extracts were obtained by mashing dry plant material with an ethanol solution diluted with water (50/50), this rested for three weeks in refrigeration (4 °C), and then were distilled at low temperature in a rotary evaporator "Hahn Shin Science Co., Model: HS 2000N ". In vitro inhibition tests consisted in sowing each strain in plates with yeast and malt extract agar (YMA) as culture medium, plus the plant extracts separately, with two fungi culture methods; by surface extension and diffusion. For the growth inhibition in situ phase, the Chapingo cheese samples were impregnated by immersion with each of the plant extracts separately, for one minute. Subsequently, the cheeses were inoculated by atomization with a standardized spore suspension (1.5 x 108 CFU / mL) of each strain. The inoculated cheese samples were kept in a maturation chamber at 4° C for three weeks. There were performed weekly measurements of the populations of each strain with the plate dilution technique. The results showed that cinnamon and oregano extracts inhibited fungal growth both in laboratory culture media and in Chapingo cheese. Meanwhile, the epazote extract had no growth inhibitory effect in any case. In inoculated cheeses, Penicillium stood out for being highly sensitive to cinnamon extract and Alternaria to oregano extract. |
| 650 13 - PUNTO DE ACCESO ADICIONAL DE MATERIA--TÉRMINO DE MATERIA |
| Fuente del encabezamiento o término |
atg |
| 9 (RLIN) |
142512 |
| Término de materia o nombre geográfico como elemento de entrada |
Quesos |
| Subdivisión general |
Evaluación sensorial de los alimentos |
| 650 13 - PUNTO DE ACCESO ADICIONAL DE MATERIA--TÉRMINO DE MATERIA |
| Fuente del encabezamiento o término |
atg |
| 9 (RLIN) |
142512 |
| Término de materia o nombre geográfico como elemento de entrada |
Quesos |
| Subdivisión general |
Criterios microbiológicos |
| 650 13 - PUNTO DE ACCESO ADICIONAL DE MATERIA--TÉRMINO DE MATERIA |
| Fuente del encabezamiento o término |
atg |
| 9 (RLIN) |
185484 |
| Término de materia o nombre geográfico como elemento de entrada |
Inocuidad de los productos lácteos |
| 650 13 - PUNTO DE ACCESO ADICIONAL DE MATERIA--TÉRMINO DE MATERIA |
| Fuente del encabezamiento o término |
atg |
| 9 (RLIN) |
148387 |
| Término de materia o nombre geográfico como elemento de entrada |
Cheeses |
| Subdivisión general |
Sensory evaluation |
| 650 13 - PUNTO DE ACCESO ADICIONAL DE MATERIA--TÉRMINO DE MATERIA |
| Fuente del encabezamiento o término |
atg |
| 9 (RLIN) |
148387 |
| Término de materia o nombre geográfico como elemento de entrada |
Cheeses |
| Subdivisión general |
Microbiological criteria |
| 650 13 - PUNTO DE ACCESO ADICIONAL DE MATERIA--TÉRMINO DE MATERIA |
| Fuente del encabezamiento o término |
atg |
| 9 (RLIN) |
176128 |
| Término de materia o nombre geográfico como elemento de entrada |
Dairy safety |
| 700 1# - PUNTO DE ACCESO ADICIONAL--NOMBRE DE PERSONA |
| 9 (RLIN) |
189232 |
| Nombre de persona |
Ruiz Terrazas, Jesús Iván |
| Término indicativo de función/relación |
autor |
| 700 1# - PUNTO DE ACCESO ADICIONAL--NOMBRE DE PERSONA |
| 9 (RLIN) |
152794 |
| Nombre de persona |
Leyva Ruelas, Gabriel |
| Término indicativo de función/relación |
director |
| 700 1# - PUNTO DE ACCESO ADICIONAL--NOMBRE DE PERSONA |
| 9 (RLIN) |
94265 |
| Nombre de persona |
Ramírez Santiago, César |
| Término indicativo de función/relación |
asesor |
| 700 1# - PUNTO DE ACCESO ADICIONAL--NOMBRE DE PERSONA |
| 9 (RLIN) |
155440 |
| Nombre de persona |
Pérez Godínez, Edmundo Arturo |
| Término indicativo de función/relación |
asesor |
| 856 40 - LOCALIZACIÓN Y ACCESO ELECTRÓNICOS |
| Texto de enlace |
DESCARGAR PDF |
| Identificador Uniforme del Recurso |
http://10.13.5.2/tesis/tl/2021_IA_Mendoza_Pinacho_KarlaGuadalupe-Ruiz_Terrazas_JesusIvan.pdf |
| 942 ## - ELEMENTOS DE PUNTO DE ACCESO ADICIONAL (KOHA) |
| Fuente del sistema de clasificación o colocación |
Clasificación Universidad Autónoma Chapingo |
| Tipo de ítem Koha |
Tesis digital |